000 00571nam a2200193Ia 4500
005 20250508152759.0
008 008 250505s9999 xx 000 0 eng d
037 _aReference
040 _aFEDL
_beng
_cFEDL
041 _aeng
_2eng
084 _a001.422, BLO
_qFEDL
100 _aBlommers Paul
245 0 _aElementary statistical methods : In psychology and education
260 _aBoston, USA
_bHoughton Mifflin Company
_c1960
300 _a528p.
700 _a Lindquist E F
_9762361
942 _cREF
_h001.422, BLO
999 _c1338716
_d1338716